| 000 | 00668nam a22002177a 4500 | ||
|---|---|---|---|
| 003 | OSt | ||
| 005 | 20220107122901.0 | ||
| 008 | 211231b xxu||||| |||| 00| 0 eng d | ||
| 020 | _a9781484246016 | ||
| 040 | _cKUDSIT | ||
| 100 |
_aGoyal, Palash _918843 |
||
| 245 |
_aDeep learning for natural language processing: _bCreating neural networks with Python |
||
| 260 |
_aNew Delhi, _bApress/ Replika Press Pvt. Ltd., _c2018. |
||
| 300 | _axvii, 277 p. | ||
| 650 |
_aCOMPUTER SCIENCE _918844 |
||
| 650 |
_aARTIFICIAL INTELLIGENCE _918845 |
||
| 650 |
_aOPEN SOURCE SOFTWARE _918846 |
||
| 700 |
_aPandey, Sumit _918847 |
||
| 700 |
_aJain, Karan _918848 |
||
| 942 |
_2ddc _cBK |
||
| 999 |
_c6890 _d6890 |
||